Reconciliación: don de Dios y fuente de nueva vida

Furkejuvvon:
Bibliográfalaš dieđut
Materiálatiipa: Girji
Giella:espánnjágiella
Almmustuhtton: Madrid PPC 1997
Fáttát:
Fáddágilkorat: Lasit fáddágilkoriid
Eai fáddágilkorat, Lasit vuosttaš fáddágilkora!

MARC

LEADER 00000nam a2200000 a 4500
001 UCK1164
003 CL-VaPUC
005 20211228074330.0
008 041105e19970000sp 1 spa d
020 |a 842881452X 
082 0 4 |a 280.042  |b REC  |2 21 
245 1 0 |a Reconciliación: don de Dios y fuente de nueva vida 
260 |a Madrid  |b PPC  |c 1997 
300 |a 90 p 
583 |a last modification  |c 20190823 10:34:54  |k Rodrigo Vera 
650 0 0 |a Ecumenismo  |9 255639 
650 0 0 |a Creencia Religiosa  |9 316904 
650 0 7 |a CONFESIONES  |2 CL-VaPUC  |9 438538 
942 |c BK 
945 |a cmena  |d 20041105 00:00:00 
546 |a En Español 
536 |a Conferencia de Iglesias Europeas 
536 |a Consejo de las Conferencias Episcopales de Europa 
518 |p Asamblea Ecuménica Europea, 2, Graz, 23 al 29 de junio de 1997 
999 |c 384089  |d 384087 
952 |0 0  |1 0  |4 0  |6 280_042000000000000_REC_1997  |7 0  |8 A  |9 506533  |a BIBTEO  |b BIBTEO  |d 2020-01-23  |i 4076052  |o 280.042 REC 1997  |p 4076052  |r 2025-01-17  |w 2020-01-23  |y BK  |k ICR